Normal view
MARC view
Entry Topical Term
001 - CONTROL NUMBER
- control field: 10609
003 - CONTROL NUMBER IDENTIFIER
- control field: dpl
005 - DATE AND TIME OF LATEST TRANSACTION
- control field: 20100811111246.0
008 - FIXED-LENGTH DATA ELEMENTS
- fixed length control field: 100811|||a|||||| | ||| d
040 ## - CATALOGING SOURCE
- Original cataloging agency: dpl
- Transcribing agency: dpl
150 ## - HEADING--TOPICAL TERM
- Topical term or geographic name as entry element: Money laundering
670 ## - SOURCE DATA FOUND
- Source citation: Work cat.: (dpl): Fabre, Guilhem 10606, Criminal prosperity :, 2003
670 ## - SOURCE DATA FOUND
- Source citation: Work cat.: (dpl): Fabre, Guilhem 10606, Criminal prosperity :, 2003
